Statystyki dla Najczęściej odwiedzane państwa przez Turków

Kliknij tutaj aby rozwiązać quiz!

Ogólne statystyki

  • Ten quiz został rozwiązany 14 razy
  • Średni wynik to 3 z 10

Statystyki odpowiedzi

TurkiPaństwo% Poprawnych
417 124 389Rosja
100%
184 237 015Armenia
46%
389 110 341Turkmenistan
31%
316 424 045Watykan
23%
149 512 923Czechy
15%
199 978 842Korea Północna
15%
243 007 152Bośnia i Hercegowina
8%
289 067 921Burundi
8%
163 367 331Monako
8%
121 950 108Seszele
8%

Rozkład punktacji

Percentyl według liczby udzielonych odpowiedzi

Procent ludzi z każdym wynikiem

Twoja historia wyników

Nie rozwiązałeś tego quizu